• AIU
  • Tony Wilmot Memorial Library

Ethical school leadership / (Record no. 35204)

MARC details
000 -LEADER
fixed length control field 01167nam a22003491a 4500
001 - CONTROL NUMBER
control field 12603923
005 - DATE AND TIME OF LATEST TRANSACTION
control field 20160705020003.0
008 - FIXED-LENGTH DATA ELEMENTS--GENERAL INFORMATION
fixed length control field 011130s2002 mdu b 001 0 eng
010 ## - LIBRARY OF CONGRESS CONTROL NUMBER
LC control number 2001057691
020 ## - INTERNATIONAL STANDARD BOOK NUMBER
International Standard Book Number 0810843870
020 ## - INTERNATIONAL STANDARD BOOK NUMBER
International Standard Book Number 0810843870
040 ## - CATALOGING SOURCE
Original cataloging agency DLC
Transcribing agency DLC
Modifying agency DLC
042 ## - AUTHENTICATION CODE
Authentication code pcc
050 00 - LIBRARY OF CONGRESS CALL NUMBER
Classification number LB1779
Item number .M39 2002
082 00 - DEWEY DECIMAL CLASSIFICATION NUMBER
Classification number LB 1779 .M39 2002
Edition number 21
100 1# - MAIN ENTRY--PERSONAL NAME
Personal name Maxcy, Spencer J.
245 10 - TITLE STATEMENT
Title Ethical school leadership /
Statement of responsibility, etc Spencer J. Maxcy.
Medium [Text]
260 ## - PUBLICATION, DISTRIBUTION, ETC. (IMPRINT)
Place of publication, distribution, etc Lanham, Md.
Name of publisher, distributor, etc Scarecrow Press
Date of publication, distribution, etc 2002
300 ## - PHYSICAL DESCRIPTION
Extent viii, 211 p. ; 24 cm.
500 ## - GENERAL NOTE
General note "A ScarecrowEducation book."
504 ## - BIBLIOGRAPHY, ETC. NOTE
Bibliography, etc "A ScarecrowEducation book."
650 #0 - SUBJECT ADDED ENTRY--TOPICAL TERM
Topical term or geographic name as entry element Moral education.
650 #0 - SUBJECT ADDED ENTRY--TOPICAL TERM
Topical term or geographic name as entry element Teachers
General subdivision Training of.
650 #0 - SUBJECT ADDED ENTRY--TOPICAL TERM
Topical term or geographic name as entry element Teaching. - Discussion - Study
650 #0 - SUBJECT ADDED ENTRY--TOPICAL TERM
Topical term or geographic name as entry element School supervision - Periodicals
906 ## - LOCAL DATA ELEMENT F, LDF (RLIN)
a 7
b cbc
c orignew
d 1
e ocip
f 20
g y-gencatlg
925 0# -
-- acquire
-- 2 shelf copies
-- policy default
955 ## - COPY-LEVEL INFORMATION (RLIN)
-- sj10 2001-12-04;
-- sj04 2001-12-04 to Dewey
955 ## - COPY-LEVEL INFORMATION (RLIN)
-- pv10 2002-06-20 CIP ver to BCCD
942 00 - ADDED ENTRY ELEMENTS (KOHA)
Koha issues (borrowed), all copies 12
Holdings
Withdrawn status Lost status Source of classification or shelving scheme Damaged status Not for loan Collection code Home library Current library Shelving location Date acquired Cost, normal purchase price Total Checkouts Total Renewals Full call number Barcode Date last seen Date checked out Copy number Price effective from Koha item type
    Library of Congress Classification     General Circulation AIU/NEGST - Tony Wilmot Memorial Library AIU/NEGST - Tony Wilmot Memorial Library General Stacks 01/22/2010 32.95 18 3 LB 1779 .M39 2002 R56728F3232 08/15/2025 08/15/2025 1 01/22/2010 Books